| 000 | 00635nam a2200217 a 4500 | ||
|---|---|---|---|
| 001 | 43246 | ||
| 003 | BD-RjUL | ||
| 005 | 20211209053652.0 | ||
| 008 | 160620s1954 enka 001 0 eng | ||
| 035 | _a(BD-RjUL)43364 | ||
| 040 |
_aDLC _cOKentU _dOCoLC _dUk _dBD-RjUL _beng |
||
| 041 | _aeng | ||
| 082 |
_a425 _223 _bHOG 1954 |
||
| 100 | 1 |
_aHornby, A. S _9132841 |
|
| 245 | 1 | 2 |
_aA guide to patterns and usage in English / _c A. S. Hornby |
| 260 |
_aLondon : _bOxford University Press, _c1954. |
||
| 300 |
_axvii, 261 p. : _bill. ; _c20 cm. |
||
| 500 | _aIncludes index. | ||
| 650 | 0 |
_aEnglish language _xUsage. _9119767 |
|
| 942 |
_2ddc _cBK |
||
| 999 |
_c43246 _d43246 |
||